00691nam a2200169 a 450000100100000000500170001000800410002704000250006810000300009324500710012326000640019430000210025804900090027995201050028895201110039399900170050400003083820200930062536.0110531s1941 dr 000 0 spa d aDO-SdBNPbspacBNPHU1 aSevez, Francois F.95738110aBosquejo biográfico del Padre Fantino /cFrancois F. Sevez Fils. aLa Vega, República Dominicana :bImp. El Progreso,c1941. a154 p. ;c22 cm. aBNPD 0010718PDaPDbPDcCTd2011-05-31iLF1l0o p30838-10r2020-06-25w2020-06-25yLFPDZNo se presta 0010718PDaPDbPDcCTd2011-05-31iLF1l0o p30838-20r2020-06-25te. 2w2020-06-25yLFPDZNo se presta c30330d30330